000 00593nam a2200241 a 4500
001 nice12345678
003 IN_TiNIC
005 20260116011915.0
008 050524s1956 mysa grp 000 0 eng
020 _a
_c2.1
082 0 0 _a223.2
_bCAR
100 _aCarleton, A P
245 _aHow Shall I Study the Psalms?
260 _aMysore
_bChristian Literature Society
_c1956
300 _a226p
500 _aincludes index and biblioraphy
505 2 _aIndex and Bible references
650 _aPsalms
700 1 _aCarleton, A P
902 _bSRS
942 _cBK
999 _c4861
_d4861